000 00337nam a2200133Ia 4500
008 231129s1999||||xx |||||||||||||| ||spa||
020 _a958-30-0680-7
040 _bspa
082 _aCo863.08 C965
245 0 _aCuentistas antioquenos
260 _c1999
264 _aPanamericana
942 _2ddc
_cBKS
999 _c8418
_d8418